|
|
|
|
| LEADER |
00000nam a22000007a 4500 |
| 005 |
20181030235343.0 |
| 007 |
cr|||| ||| |
| 008 |
181030s2012 co |||||s|||| 00||0 spa d |
| 020 |
|
|
|a 978-958-8675-88-6
|
| 035 |
|
|
|a 22108
|
| 040 |
|
|
|a vLex
|
| 090 |
|
|
|c 8233
|d 8233
|
| 100 |
1 |
|
|a Rojas Lp̤ez, Miguel David
|
| 245 |
1 |
0 |
|a Sistemas de Control de Gestin̤
|h [Recurso electrn̤ico] /
|c Miguel David Rojas Lp̤ez
|
| 256 |
|
|
|a Servicio en ln̕ea
|
| 260 |
|
|
|a Bogot:̀
|b Ediciones de la U,
|c 2012
|
| 300 |
|
|
|a 1 recurso electrn̤ico
|
| 500 |
|
|
|a ¿Cm̤o se producen los productos defectuosos? ¿Qu ̌debe hacerse para reducir su nm︢ero? Para disminuir el nm︢ero de productos defectuosos, es necesario creer que se puede reducir. La sola creencia no disminuir ̀el nm︢ero de productos defectuosos, es decir existen causas particulares para que un producto dado resulte defectuoso, y pueden desaparecer si se descubren y eliminan esas causas.
|
| 506 |
1 |
|
|a Disponible solo en los productos indicados
|d vLex Global
|d vLex Global (Academic Edition, excluding Law Schools)
|d vLex Global (U.S. Academic Edition, Law Schools)
|d vLex Global (U.S. Academic Edition, excluding Law Schools)
|d vLex Global (Academic Edition, Law Schools)
|
| 650 |
0 |
4 |
|a Economa̕ y negocios
|z Colombia
|
| 650 |
0 |
4 |
|a Administracin̤ (Management)
|z Colombia
|
| 740 |
0 |
|
|a vLex Libros (Servicio en ln̕ea)
|
| 856 |
4 |
0 |
|u http://vlex.com/source/sistemas-de-control-de-gestion-22108
|z Acceso restringido
|
| 942 |
|
|
|c BOOK
|
| 999 |
0 |
|
|a Economy and business
|
| 999 |
0 |
|
|a Administration (Management)
|